Masia Mariona : l'univers Patxot l'univers Patxot
Publicado:
Barcelona :
Diputació de Barcelona. Àrea de Territori i Sostenibilitat. Gerència de Serveis d'Espais Naturals ,
2012
Descripción Física:
1 tríptic ; 21 cm
Colección:
Equipaments culturals
MARC
| LEADER | 00000nam a2200000Ia 4500 | ||
|---|---|---|---|
| 001 | 23747 | ||
| 008 | 160829s2012 xx 000 0 cat d | ||
| 080 | |a FU-62-34 | ||
| 245 | |a Masia Mariona : |b l'univers Patxot | ||
| 260 | |a Barcelona : |b Diputació de Barcelona. Àrea de Territori i Sostenibilitat. Gerència de Serveis d'Espais Naturals, |c 2012 | ||
| 300 | |a 1 tríptic ; |c 21 cm | ||
| 490 | |a Equipaments culturals | ||
| 610 | 0 | |a Parc Natural del Montseny (Catalunya) |9 10461 | |
| 650 | |a Masos, masies, etc. |x Montseny |x s.XIX |9 50125 | ||
| 650 | |a Patxot i Jubert, Rafael |x Exposicions |9 50126 | ||
| 650 | |a Masia Mariona (Montseny) |x Exposicions |9 50127 | ||
| 710 | 1 | |a Girona (Catalunya : Província). |b Diputació |9 11479 | |
| 710 | 1 | |a Fogars de Montclús (Catalunya). |b Ajuntament |9 55471 | |
| 901 | |a Arxiu | ||
| 942 | |n 1 | ||
| 952 | |0 0 |1 0 |4 0 |6 FU6234 |7 1 |9 55799 |a Arxiu |b Arxiu |d 2016-12-01 |l 0 |o FU-62-34 |p 23747 |r 2016-12-01 00:00:00 |w 2016-12-01 |y ARXIU | ||
| 999 | |c 59672 |d 59672 | ||